Algebraic topology via differential geometry /

Guardado en:
Autor Principal: Karoubi, Max.
Otros Autores: Leruste, C.
Formato: Libro
Idioma:English
French
Publicado: Cambridge : Cambridge University Press, 1987.
Series:London Mathematical Society lecture note series, 99
Materias:
Acceso en línea:Publisher description
Etiquetas: Agregar Etiqueta
Sin Etiquetas, Sea el primero en etiquetar este registro!
LEADER 01529cam a2200301 a 4500
001 MAT.inmabb006486
008 860613s1987####enka#####b####001#0#eng##
005 20110613162614.0
245 1 0 |a Algebraic topology via differential geometry /  |c M. Karoubi and C. Leruste. 
260 |a Cambridge :  |b Cambridge University Press,  |c 1987. 
300 |a [x], 363 p. :  |b il. ;  |c 23 cm. 
440 0 |a London Mathematical Society lecture note series,  |x 0076-0552 ;  |v 99 
500 |a Traducción de: Méthodes de géométrie différentielle en topologie algébrique. 
504 |a Incluye referencias bibliográficas (p. 360) e índice. 
505 0 |a Introduction -- 1. Algebraic preliminaries -- 2. Differential forms on an open subset of Rn -- 3. Differentiable manifolds -- 4. De Rham cohomology of differentiable manifolds -- 5. Computing cohomology -- 6. Poincaré duality - Lefschetz' theorem -- Appendix A. Stokes' theorem -- Appendix B. Chern character and non-commutative De Rham cohomology. 
510 4 |a MR,  |c 88k:57001 
020 |a 0521317142 (pbk.) 
100 1 |a Karoubi, Max. 
240 1 0 |a Méthodes de géométrie différentielle en topologie algébrique.  |l Inglés 
700 1 |a Leruste, C. 
650 0 |a Algebraic topology. 
650 0 |a Geometry, Differential. 
084 |a 57-01 (57R19 58A05 58A12)  |2 msc2000 
010 |a  86017087  
040 |a DLC  |c DLC  |d DLC 
041 1 |a eng  |h fre 
856 4 2 |3 Publisher description  |u http://www.loc.gov/catdir/description/cam023/86017087.html 
859 |h 57  |i K18  |p A-8692  |b BIB. MATEMATICA